| 000 | 00596nam a22002057a 4500 | ||
|---|---|---|---|
| 003 | NUST | ||
| 038 | _aa | ||
| 082 | _aBE-EE-3 | ||
| 100 |
_aMuhammad Talha Imran _992855 |
||
| 245 | _aMulti Agent Robotic System Design for Team NUST in RoboCup SPL | ||
| 260 |
_aIslamabad _bNUST-SEECS _c2015 |
||
| 300 |
_a87 _eCD Include |
||
| 500 | _aSupervisors: Dr. Yasar Ayaz, Dr. Rehan Hafiz | ||
| 563 | _aa | ||
| 700 |
_aAbdul Rehman _920929 |
||
| 700 |
_aMaham Tanveer _992856 |
||
| 700 |
_aShams ul Azeem _992857 |
||
| 856 | _u http://10.250.8.41:8080/xmlui/handle/123456789/10825 | ||
| 942 |
_cPR _2ddc |
||
| 999 |
_c13249 _d13249 |
||